Cities by Old Photos - Statistics

General Stats
  • This quiz has been taken 3,653 times
  • The average score is 11 of 15
Answer Stats
Picture Hint Answer % Correct
1888 Paris
100%
1931 New York
98%
1886 London
97%
1895 Athens
92%
1880 Istanbul
84%
1899 Beijing
83%
1963 Dallas
83%
1961 Berlin
82%
1880 Moscow
82%
1888 Washington D.C
73%
1945 Tokyo
62%
1945 Hiroshima
61%
1944 Naples
45%
1906 San Francisco
38%
1934 Cairo
25%
No matching quizzes found
Score Distribution
Percent of People with Each Score
Percentile by Number Answered
Your Score History
You have not taken this quiz